000 00358pab a2200145 454500
008 180718b2017 xxu||||| |||| 00| 0 eng d
100 _aGray, Clive
245 _aLocal government and the arts revisited
260 _c2017
300 _ap.315-322.
362 _aJun
650 _aLocal government
773 _aLocal Government Studies
909 _a115123
999 _c115117
_d115117